রাজা ভাওয়াল সন্ন্যাস ও ভাওয়াল পরগণা [২য় সংস্করণ] = Raja Bhawal sannayas o bhawal pargana [2nd ed.] [in Bengali] (Record no. 57084)
[ view plain ]
| 000 -LEADER | |
|---|---|
| fixed length control field | 00795nam a2200181Ia 4500 |
| 005 - DATE AND TIME OF LATEST TRANSACTION | |
| control field | 20260603120909.0 |
| 008 - FIXED-LENGTH DATA ELEMENTS--GENERAL INFORMATION | |
| fixed length control field | 260603s9999||||xx |||||||||||||| ||und|| |
| 020 ## - INTERNATIONAL STANDARD BOOK NUMBER | |
| International Standard Book Number | 9789842000959 |
| 020 ## - INTERNATIONAL STANDARD BOOK NUMBER | |
| Qualifying information | hb |
| 082 ## - DEWEY DECIMAL CLASSIFICATION NUMBER | |
| Classification number | 891.44 |
| Item number | HOS.2E |
| 100 ## - MAIN ENTRY--PERSONAL NAME | |
| Personal name | হোসেন, জয়নাল = Hossain, Jaynal |
| 245 #0 - TITLE STATEMENT | |
| Title | রাজা ভাওয়াল সন্ন্যাস ও ভাওয়াল পরগণা [২য় সংস্করণ] = Raja Bhawal sannayas o bhawal pargana [2nd ed.] [in Bengali] |
| 250 ## - EDITION STATEMENT | |
| Edition statement | 1st ed. 2009 ; 2nd ed. 2010 |
| 260 ## - PUBLICATION, DISTRIBUTION, ETC. | |
| Place of publication, distribution, etc. | ঢাকা, বাংলাদেশ = Dhaka, Bangladesh |
| Name of publisher, distributor, etc. | অ্যাডর্ন পাবলিকেশন = Adorn Publication |
| Date of publication, distribution, etc. | 2010 |
| 300 ## - PHYSICAL DESCRIPTION | |
| Extent | 256p. ; 22cm. |
| 653 ## - INDEX TERM--UNCONTROLLED | |
| Uncontrolled term | Bengali Language--Literature |
| 942 ## - ADDED ENTRY ELEMENTS (KOHA) | |
| Koha item type | Book |
| Withdrawn status | Lost status | Damaged status | Not for loan | Collection code | Home library | Current library | Shelving location | Date acquired | Source of acquisition | Total Checkouts | Full call number | Barcode | Date last seen | Price effective from | Koha item type |
|---|---|---|---|---|---|---|---|---|---|---|---|---|---|---|---|
| Matrubhasa Collection | LRC, IIT Indore | LRC, IIT Indore | 3rd Floor - Matrubhasa Collection | 03/06/2026 | Gratis Book Price: INR 400.00 | 891.44 HOS.2E | MB358 | 03/06/2026 | 03/06/2026 | Matrubhasa Collection |
